[Event "PRO League Group Stage"]
[Site "chess.com INT"]
[Date "2018.02.24"]
[Round "7"]
[White "Zhou, Yang-Fan"]
[Black "Azarov, Sergei"]
[Result "0-1"]
[WhiteTitle "IM"]
[BlackTitle "GM"]
[WhiteElo "2449"]
[BlackElo "2567"]
[WhiteTeam "London Lions"]
[BlackTeam "Las Vegas Desert Rats"]
[WhiteFideId "468584"]
[BlackFideId "13501470"]
[EventDate "2018.01.18"]

1. e4 e5 2. Nf3 Nc6 3. Bc4 Bc5 4. c3 Nf6 5. d3 d6 6. Nbd2 O-O 7. Bb3 a6 8. Qe2
Be6 9. Nf1 Nh5 10. Ng5 Nf4 11. Bxf4 exf4 12. Nxe6 fxe6 13. Bxe6+ Kh8 14. Nd2 Qf6
15. Bd5 Ba7 16. d4 Rae8 17. Bxc6 bxc6 18. Qxa6 Bb6 19. Qd3 Qg6 20. Kf1 d5 21.
Re1 c5 22. dxc5 Bxc5 23. Qxd5 Bxf2 24. Re2 Rd8 25. Qc4 Be3 26. Nf3 Rfe8 27. g3
fxg3 28. Qxc7 Rd1+ 29. Kg2 gxh2+ 30. Qg3 Qxg3+ 31. Kxg3 Rxh1 32. Rxe3 Re6 33.
Re2 Rg6+ 34. Kh3 Rh6+ 35. Kg2 Rg1+ 36. Nxg1 h1=Q+ 0-1

[Event "PRO League Group Stage"]
[Site "chess.com INT"]
[Date "2018.02.24"]
[Round "7"]
[White "Kjartansson, David"]
[Black "Trakru, Rohun"]
[Result "1-0"]
[WhiteTitle "FM"]
[BlackTitle "CM"]
[WhiteElo "2409"]
[BlackElo "1746"]
[WhiteTeam "Reykjavik Puffins"]
[BlackTeam "Rio Grande Ospreys"]
[WhiteFideId "2301130"]
[BlackFideId "2097613"]
[EventDate "2018.01.18"]

1. e4 e6 2. d4 d5 3. Nc3 Nf6 4. exd5 exd5 5. Bd3 Bd6 6. Nge2 O-O 7. Bg5 c6 8.
Qd2 Bg4 9. f3 Bh5 10. g4 Bg6 11. O-O-O b5 12. Kb1 a5 13. Ng3 a4 14. Nce2 Nbd7
15. h4 Qa5 16. Qxa5 Rxa5 17. h5 Bxd3 18. Rxd3 g6 19. Bd2 Raa8 20. g5 Ne8 21. f4
Ng7 22. Kc1 Nb6 23. Rf3 Rae8 24. h6 Ne6 25. f5 Nc7 26. Bf4 Bxf4+ 27. Nxf4 Nc4
28. Nd3 Re4 29. b3 Nd6 30. Nc5 Rxd4 31. Nd7 Rd8 32. Nf6+ Kh8 33. Re1 Ne4 34.
fxg6 fxg6 35. Nfxe4 dxe4 36. Rf7 R4d7 37. Rxd7 Rxd7 38. Rxe4 Kg8 39. bxa4 bxa4
40. Rxa4 Rd5 41. Ne4 Rf5 42. Ra7 Nd5 43. Rg7+ Kf8 44. Rxh7 Re5 45. Rh8+ Kf7 46.
Nd6+ Ke6 47. Nc4 Rxg5 48. h7 Kf7 49. Rg8 Nf6 50. Nd6+ Ke6 51. h8=Q Nxg8 52.
Qxg8+ Kxd6 53. Qd8+ Kc5 54. Qxg5+ Kb6 55. Qxg6 Kb5 56. Qd3+ Kb4 57. Qb3+ Ka5 58.
a4 c5 59. Qb5# 1-0

[Event "PRO League Group Stage"]
[Site "chess.com INT"]
[Date "2018.02.24"]
[Round "7"]
[White "Kjartansson, David"]
[Black "Della Morte, German"]
[Result "0-1"]
[WhiteTitle "FM"]
[BlackTitle "IM"]
[WhiteElo "2409"]
[BlackElo "2353"]
[WhiteTeam "Reykjavik Puffins"]
[BlackTeam "Buenos Aires Krakens"]
[WhiteFideId "2301130"]
[BlackFideId "113522"]
[EventDate "2018.01.18"]

1. e4 e5 2. Nf3 Nc6 3. Nc3 Nf6 4. Bb5 Bd6 5. d3 O-O 6. Bg5 h6 7. Bh4 a6 8. Ba4
b5 9. Bb3 Be7 10. a3 d6 11. h3 Be6 12. Bxf6 Bxf6 13. Nd5 Na5 14. Ba2 c6 15. Ne3
Qd7 16. O-O d5 17. Qd2 Nb7 18. exd5 cxd5 19. d4 e4 20. Ne5 Bxe5 21. dxe5 d4 22.
Bxe6 fxe6 23. Rad1 Rad8 24. c3 d3 25. Rfe1 Qc7 26. Nf1 Qxe5 27. Qe3 Qf6 28. Ng3
Nd6 29. Nxe4 Nxe4 30. Qxe4 Qxf2+ 31. Kh1 Rf6 32. Kh2 Qxb2 33. Rxd3 Rxd3 34. Qxd3
Qxa3 35. Re3 Qf8 36. Qd7 Kh7 37. Qd3+ Kh8 38. Qd7 Qb8+ 39. Kg1 Qb6 40. Qd3 a5
41. Kh1 a4 42. c4 b4 43. Rg3 b3 44. Qd7 Rf1+ 45. Kh2 Qg1# 0-1

[Event "PRO League Group Stage"]
[Site "chess.com INT"]
[Date "2018.02.24"]
[Round "7"]
[White "Kjartansson, David"]
[Black "Lee, Megan"]
[Result "1-0"]
[WhiteTitle "FM"]
[BlackTitle "WIM"]
[WhiteElo "2409"]
[BlackElo "2163"]
[WhiteTeam "Reykjavik Puffins"]
[BlackTeam "Seattle Sluggers"]
[WhiteFideId "2301130"]
[BlackFideId "2029618"]
[EventDate "2018.01.18"]

1. e4 e5 2. Nf3 Nc6 3. Nc3 Bc5 4. Bb5 d6 5. d3 Bb6 6. Be3 Nf6 7. h3 Bd7 8. Qd2
Ne7 9. Bc4 c6 10. Bb3 Ng6 11. O-O-O Ba5 12. g4 Be6 13. g5 Nd7 14. d4 Bxb3 15.
axb3 Qc7 16. h4 O-O-O 17. h5 Ne7 18. Qd3 a6 19. Ne2 exd4 20. Nexd4 Nc5 21. Qc4
Nxe4 22. Qxf7 Rdf8 23. Qe6+ Qd7 24. Qxe4 d5 25. Qh4 c5 26. Ne5 Qd6 27. Qg4+ Kb8
28. Nd7+ Ka7 29. Nxf8 Rxf8 30. Ne6 1-0

[Event "PRO League Group Stage"]
[Site "chess.com INT"]
[Date "2018.02.24"]
[Round "7"]
[White "Andriasian, Zaven"]
[Black "Perez Ponsa, Federico"]
[Result "0-1"]
[WhiteTitle "GM"]
[BlackTitle "GM"]
[WhiteElo "2585"]
[BlackElo "2553"]
[WhiteTeam "Armenia Eagles"]
[BlackTeam "Buenos Aires Krakens"]
[WhiteFideId "13302000"]
[BlackFideId "117927"]
[EventDate "2018.01.18"]

1. e4 g6 2. d4 d6 3. Nc3 a6 4. f4 b5 5. Nf3 Bb7 6. Bd3 c5 7. e5 c4 8. Be2 Nh6 9.
Be3 Nd7 10. h3 Nb6 11. O-O Rc8 12. Ng5 Nf5 13. Bf2 h6 14. Nf3 b4 15. Nb1 Nd5 16.
Qc1 h5 17. c3 Bh6 18. Ng5 f6 19. exf6 exf6 20. Nf3 Nxf4 21. Qc2 O-O 22. cxb4 Re8
23. Nc3 Nxe2+ 24. Nxe2 Be4 25. Qd1 Bxf3 26. gxf3 Qd7 27. Kg2 Be3 28. Ng3 Nh4+
29. Kh2 Bxf2 30. Rxf2 Re3 31. Nf1 Rd3 32. Nd2 Qf5 33. Qe2 Qf4+ 34. Kh1 Re3 35.
Qf1 Rce8 36. Qxc4+ Kg7 37. Rg1 Nf5 38. d5 Nd4 39. Rgf1 Re2 40. Nb3 Rxf2 41. Rxf2
Re1+ 42. Rf1 Qxf3+ 0-1

[Event "PRO League Group Stage"]
[Site "chess.com INT"]
[Date "2018.02.24"]
[Round "7"]
[White "Andriasian, Zaven"]
[Black "Nakamura, Hikaru"]
[Result "0-1"]
[WhiteTitle "GM"]
[BlackTitle "GM"]
[WhiteElo "2585"]
[BlackElo "2781"]
[WhiteTeam "Armenia Eagles"]
[BlackTeam "Seattle Sluggers"]
[WhiteFideId "13302000"]
[BlackFideId "2016192"]
[EventDate "2018.01.18"]

1. e4 c5 2. Nf3 d6 3. d4 cxd4 4. Nxd4 Nf6 5. Nc3 g6 6. Be2 Bg7 7. O-O O-O 8. Bg5
Nc6 9. Nb3 Be6 10. Re1 Rc8 11. Bf1 h6 12. Bf4 d5 13. exd5 Nxd5 14. Nxd5 Bxd5 15.
c3 e5 16. Be3 b6 17. Qc1 Qh4 18. f3 Rfd8 19. Bf2 Qf6 20. Nd2 Qd6 21. Ne4 Qe7 22.
Rd1 Kh7 23. Qe3 f5 24. Nd2 Qf7 25. b3 h5 26. Rac1 Rd7 27. Qe1 Rcd8 28. Bh4 Rc8
29. Bc4 Bh6 30. Bxd5 Rxd5 31. Rb1 g5 32. Bf2 g4 33. Nc4 gxf3 34. gxf3 b5 35. Ne3
Rdd8 36. Rxd8 Rxd8 37. Rd1 Rg8+ 38. Kh1 e4 39. fxe4 fxe4 40. Qe2 Ne5 41. Bg3 Nf3
42. Qxb5 Ne5 43. Rf1 Nf3 44. Rd1 Ne5 45. Rf1 Nf3 46. Rd1 Qg6 47. Rd7+ Rg7 48.
Nf5 Qg5 49. Rxg7+ Bxg7 50. Qd7 Qc1+ 51. Kg2 Qg1+ 52. Kh3 Qf1# 0-1

[Event "PRO League Group Stage"]
[Site "chess.com INT"]
[Date "2018.02.24"]
[Round "7"]
[White "Andriasian, Zaven"]
[Black "Bortnyk, Olexandr"]
[Result "0-1"]
[WhiteTitle "GM"]
[BlackTitle "GM"]
[WhiteElo "2585"]
[BlackElo "2610"]
[WhiteTeam "Armenia Eagles"]
[BlackTeam "Rio Grande Ospreys"]
[WhiteFideId "13302000"]
[BlackFideId "14120828"]
[EventDate "2018.01.18"]

1. e4 d6 2. d4 Nf6 3. Nc3 e5 4. Nf3 Nbd7 5. Bc4 Be7 6. O-O O-O 7. a4 a5 8. Re1
b6 9. d5 Nc5 10. b3 Bg4 11. h3 Bh5 12. g4 Bg6 13. Nd2 h5 14. Bf1 Qc8 15. f3 Nh7
16. Nc4 Bh4 17. Re2 Ng5 18. Bg2 hxg4 19. hxg4 f6 20. Be3 Kf7 21. Nb5 Qd7 22. Bf2
Rh8 23. Qe1 Bxf2+ 24. Qxf2 Rh3 25. Qf1 Rah8 26. Kf2 Bxe4 27. fxe4 Qxg4 28. Ke1
Ncxe4 29. Ne3 Qh4+ 30. Kd1 Nc3+ 31. Kd2 Nxb5 32. c3 Nxc3 33. Bxh3 Qd4+ 34. Kc2
Rxh3 35. Nf5 Qd3+ 0-1

[Event "PRO League Group Stage"]
[Site "chess.com INT"]
[Date "2018.02.24"]
[Round "7"]
[White "Andriasian, Zaven"]
[Black "Liang, Awonder"]
[Result "1-0"]
[WhiteTitle "GM"]
[BlackTitle "GM"]
[WhiteElo "2585"]
[BlackElo "2572"]
[WhiteTeam "Armenia Eagles"]
[BlackTeam "Pittsburgh Pawngrabbers"]
[WhiteFideId "13302000"]
[BlackFideId "2056437"]
[EventDate "2018.01.18"]

1. e4 e5 2. Nf3 Nc6 3. Bc4 Bc5 4. O-O Nf6 5. d3 d6 6. c3 O-O 7. Nbd2 Ne7 8. d4
exd4 9. cxd4 Bb6 10. Bd3 Ng6 11. Nc4 d5 12. Nxb6 axb6 13. e5 Ne4 14. Ne1 f5 15.
f3 Ng5 16. Be3 Ne6 17. f4 c5 18. Nc2 c4 19. Be2 Ne7 20. a3 Nc6 21. Qd2 b5 22.
Bf3 Nc7 23. h3 Be6 24. g4 Qd7 25. Qg2 Ra4 26. Kh2 Kh8 27. Bd2 Raa8 28. Rg1 Rf7
29. Raf1 Rg8 30. Qg3 Rff8 31. Bc3 g5 32. fxg5 Rxg5 33. Qh4 Rg7 34. Ne3 f4 35.
Ng2 Ne7 36. Bd2 Nc6 37. Nxf4 Nxd4 38. Bg2 Bg8 39. Ng6+ Rxg6 40. Rxf8 Nce6 41.
Rf6 Rg7 42. Bh6 Rf7 43. Rgf1 Nc6 44. Rxf7 Bxf7 45. Qf6+ Kg8 46. Bxd5 Ncd8 47.
Rd1 Qc7 48. Be4 Nc6 49. Rd6 Ncd4 1-0

[Event "PRO League Group Stage"]
[Site "chess.com INT"]
[Date "2018.02.24"]
[Round "7"]
[White "Adhiban, Baskaran"]
[Black "Bortnyk, Olexandr"]
[Result "0-1"]
[WhiteTitle "GM"]
[BlackTitle "GM"]
[WhiteElo "2655"]
[BlackElo "2610"]
[WhiteTeam "Mumbai Movers"]
[BlackTeam "Rio Grande Ospreys"]
[WhiteFideId "5018471"]
[BlackFideId "14120828"]
[EventDate "2018.01.18"]

1. f4 b6 2. e4 Bb7 3. d3 c5 4. Nf3 d5 5. exd5 Qxd5 6. Nc3 Qe6+ 7. Be2 Bxf3 8.
gxf3 Nc6 9. Ne4 f5 10. Ng5 Qd6 11. c3 h6 12. Nh3 Nf6 13. Bd2 e6 14. Rg1 Kf7 15.
Kf1 Be7 16. Qe1 Rag8 17. Qg3 g6 18. Re1 Nh5 19. Qf2 Qd8 20. d4 Bh4 21. Rg3 cxd4
22. Bc4 Re8 23. Kg2 Ng7 24. Qe2 Re7 25. Nf2 Bxg3 26. hxg3 Qc7 27. Nd3 Rd8 28.
Rh1 h5 29. Bb5 Kg8 30. c4 e5 31. fxe5 Nxe5 32. Bg5 Rde8 33. Bxe7 Rxe7 34. Nf4
Ng4 35. Qd2 Ne3+ 36. Kf2 Qd6 37. b4 h4 38. Ne2 hxg3+ 39. Nxg3 Qf4 40. Ne2 Ng4+
41. Ke1 Qxf3 42. Rf1 Qg3+ 43. Kd1 Ne3+ 44. Kc1 Nxf1 45. Nxg3 Nxd2 46. Kxd2 f4
47. Ne2 f3 48. Nxd4 f2 49. c5 bxc5 50. bxc5 Re1 51. c6 Ne8 52. Bc4+ Kf8 0-1

[Event "PRO League Group Stage"]
[Site "chess.com INT"]
[Date "2018.02.24"]
[Round "7"]
[White "Macieja, Bartlomiej"]
[Black "Swapnil, S. Dhopade"]
[Result "0-1"]
[WhiteTitle "GM"]
[BlackTitle "GM"]
[WhiteElo "2550"]
[BlackElo "2533"]
[WhiteTeam "Rio Grande Ospreys"]
[BlackTeam "Mumbai Movers"]
[WhiteFideId "1104306"]
[BlackFideId "5019184"]
[EventDate "2018.01.18"]

1. e4 c6 2. d4 d5 3. Nc3 dxe4 4. Nxe4 Bf5 5. Ng3 Bg6 6. h4 h6 7. Nf3 Nd7 8. h5
Bh7 9. Bd3 Bxd3 10. Qxd3 e6 11. Bd2 Ngf6 12. O-O-O Be7 13. Kb1 O-O 14. Ne4 Nxe4
15. Qxe4 Nf6 16. Qe2 Qd5 17. Be3 Qb5 18. c4 Qf5+ 19. Qc2 Qxc2+ 20. Kxc2 b5 21.
Ne5 Rfc8 22. b3 a5 23. a4 bxa4 24. bxa4 c5 25. d5 Bd6 26. Nf3 exd5 27. cxd5 c4
28. Rh4 Rab8 29. Bd2 c3 30. Bc1 Rd8 31. Rc4 Bb4 32. Bf4 Bd6 33. Bxd6 Rxd6 34.
Rxc3 Nxd5 35. Rcd3 Nb4+ 36. Kc3 Rc8+ 0-1

[Event "PRO League Group Stage"]
[Site "chess.com INT"]
[Date "2018.02.24"]
[Round "7"]
[White "Banawa, Joel"]
[Black "Stokke, Kjetil"]
[Result "0-1"]
[WhiteTitle "IM"]
[BlackTitle "IM"]
[WhiteElo "2397"]
[BlackElo "2336"]
[WhiteTeam "Las Vegas Desert Rats"]
[BlackTeam "Oslo Trolls"]
[WhiteFideId "2024055"]
[BlackFideId "1502964"]
[EventDate "2018.01.18"]

1. d4 Nf6 2. c4 g6 3. Nc3 Bg7 4. Nf3 O-O 5. Bf4 c5 6. d5 d6 7. e3 a6 8. a4 Bf5
9. Bd3 Bxd3 10. Qxd3 Qb6 11. Rb1 Nbd7 12. O-O Ng4 13. b3 Qb4 14. Rfc1 Nge5 15.
Nxe5 Nxe5 16. Qc2 Rfb8 17. e4 Nd7 18. Bd2 Qb6 19. f4 Qc7 20. Rf1 b6 21. Kh1 Bd4
22. Ne2 Bg7 23. Bc3 b5 24. Bxg7 Kxg7 25. cxb5 axb5 26. axb5 Rxb5 27. e5 dxe5 28.
f5 Nf6 29. fxg6 hxg6 30. Nc3 Rb4 31. Rbd1 Rh8 32. d6 Qc6 33. Kg1 Rd4 34. dxe7
Re8 35. Qf2 Rf4 36. Qb2 Rxe7 37. Rxf4 exf4 38. Na4 f3 39. Rf1 fxg2 40. Qxg2
Qxg2+ 41. Kxg2 Re5 42. Rc1 Rg5+ 43. Kf3 Rh5 44. Nxc5 Rxh2 45. Rb1 Nd5 46. b4 Nb6
47. Ne4 Rc2 48. b5 f5 49. Nf2 Kf6 50. Nd1 g5 51. Ne3 Rc3 52. Ke2 Rc5 53. Nf1 f4
54. Nd2 Kf5 55. Nf3 g4 56. Nd4+ Ke4 57. Nc6 f3+ 58. Kf2 Rc2+ 59. Kg3 Rg2+ 60.
Kh4 f2 61. Rf1 g3 62. Na5 Rg1 63. Nb3 Ke3 0-1

[Event "PRO League Group Stage"]
[Site "chess.com INT"]
[Date "2018.02.24"]
[Round "7"]
[White "Hambleton, Aman"]
[Black "Boruchovsky, Avital"]
[Result "1-0"]
[WhiteTitle "IM"]
[BlackTitle "GM"]
[WhiteElo "2501"]
[BlackElo "2542"]
[WhiteTeam "Montreal Chessbrahs"]
[BlackTeam "Estonia Horses"]
[WhiteFideId "2606577"]
[BlackFideId "2800055"]
[EventDate "2018.01.18"]

1. d4 Nf6 2. Bf4 e6 3. e3 c5 4. Nf3 b6 5. h3 Bb7 6. c3 Be7 7. Bd3 Nc6 8. Nbd2 d5
9. O-O c4 10. Bc2 b5 11. a3 a5 12. Ne5 O-O 13. g4 Nxe5 14. Bxe5 Nd7 15. Bg3 b4
16. e4 b3 17. Bb1 dxe4 18. Bxe4 Bxe4 19. Nxe4 Nb6 20. Qe2 Qd5 21. f4 f5 22. Nd2
Bd6 23. Rae1 Rae8 24. Rf2 h6 25. Kh2 Rf6 26. gxf5 Rxf5 27. Nf1 Qc6 28. Ne3 Rf7
29. Qh5 Ref8 30. Ng4 Nd5 31. Rxe6 Nf6 32. Nxf6+ Rxf6 33. d5 Qc5 34. Rxf6 Rxf6
35. Qe8+ Bf8 36. Qe4 Bd6 37. Kg2 Qc7 38. Rf3 Rf7 39. f5 Bxg3 40. Rxg3 Re7 41.
Qf3 Qe5 42. f6 Qe2+ 43. Qf2 Qe4+ 44. Kh2 Rf7 45. Rxg7+ Rxg7 46. fxg7 Qc2 47. Kg3
Kxg7 48. Qd4+ Kg6 49. d6 Qf5 50. Qg4+ Qxg4+ 51. Kxg4 Kf6 52. Kh5 Ke6 53. Kxh6 1-0

[Event "PRO League Group Stage"]
[Site "chess.com INT"]
[Date "2018.02.24"]
[Round "7"]
[White "Olafsson, Helgi"]
[Black "Le, Tuan Minh"]
[Result "0-1"]
[WhiteTitle "GM"]
[BlackTitle "IM"]
[WhiteElo "2508"]
[BlackElo "2485"]
[WhiteTeam "Reykjavik Puffins"]
[BlackTeam "Pittsburgh Pawngrabbers"]
[WhiteFideId "2300010"]
[BlackFideId "12401153"]
[EventDate "2018.01.18"]

1. d4 Nf6 2. Nf3 e6 3. c4 Bb4+ 4. Nbd2 O-O 5. a3 Be7 6. e4 d6 7. Bd3 e5 8. dxe5
dxe5 9. Nxe5 Re8 10. Qc2 Bd6 11. Nef3 Nc6 12. O-O Bg4 13. b4 a5 14. c5 Be5 15.
Rb1 axb4 16. axb4 Bh5 17. Bb5 Bf4 18. Bxc6 bxc6 19. Re1 Rb8 20. Bb2 Bg6 21. Qc3
Bh6 22. Rbd1 Qc8 23. Ne5 Qe6 24. Nxg6 hxg6 25. f3 Nh5 26. Nc4 Bg5 27. e5 Nf4 28.
Ne3 Red8 29. g3 Ne2+ 30. Rxe2 Bxe3+ 31. Rxe3 Rxd1+ 32. Kg2 Rbd8 33. Re2 R8d3 34.
Qc2 Qd5 35. Bc1 Qxf3+ 0-1

[Event "PRO League Group Stage"]
[Site "chess.com INT"]
[Date "2018.02.24"]
[Round "7"]
[White "Mikhalevski, Victor"]
[Black "Libiszewski, Fabien"]
[Result "1/2-1/2"]
[WhiteTitle "GM"]
[BlackTitle "GM"]
[WhiteElo "2538"]
[BlackElo "2530"]
[WhiteTeam "Seattle Sluggers"]
[BlackTeam "Cannes Blockbusters"]
[WhiteFideId "2801914"]
[BlackFideId "616834"]
[EventDate "2018.01.18"]

1. d4 Nf6 2. Nf3 g6 3. g3 Bg7 4. Bg2 O-O 5. O-O d6 6. b3 c5 7. Bb2 cxd4 8. Nxd4
d5 9. c4 dxc4 10. bxc4 Qb6 11. Qb3 Nfd7 12. Rd1 Nc5 13. Qxb6 axb6 14. Nc3 Na4
15. Nxa4 Rxa4 16. e3 Rxc4 17. Rdc1 Rxc1+ 18. Rxc1 Nc6 19. Nxc6 bxc6 20. Bxg7
Kxg7 21. Rxc6 Be6 22. Rxb6 1/2-1/2

[Event "PRO League Group Stage"]
[Site "chess.com INT"]
[Date "2018.02.24"]
[Round "7"]
[White "Kjartansson, David"]
[Black "Song, Edward"]
[Result "1/2-1/2"]
[WhiteTitle "FM"]
[BlackTitle "FM"]
[WhiteElo "2409"]
[BlackElo "2319"]
[WhiteTeam "Reykjavik Puffins"]
[BlackTeam "Pittsburgh Pawngrabbers"]
[WhiteFideId "2301130"]
[BlackFideId "2051192"]
[EventDate "2018.01.18"]

1. e4 e5 2. Nf3 Nc6 3. Nc3 Nf6 4. Bb5 Nd4 5. Bd3 Nxf3+ 6. Qxf3 Bc5 7. h3 c6 8.
b3 d5 9. exd5 cxd5 10. Bb5+ Bd7 11. Bxd7+ Qxd7 12. Bb2 O-O 13. O-O-O Rac8 14.
Kb1 Qc6 15. Rhe1 Bd4 16. Rc1 b5 17. Qe2 b4 18. Na4 Bxb2 19. Nxb2 Rfe8 20. f3 a5
21. Qd3 Nh5 22. Qf1 Ng3 23. Qd3 g6 24. Na4 Nf5 25. g4 Nd6 26. c3 Nc4 27. f4 exf4
28. Rxe8+ Qxe8 29. Qxd5 Qe4+ 30. Qxe4 Nxd2+ 31. Kc2 Nxe4 32. c4 Kg7 33. Nb6 Rc6
34. Nd5 g5 35. Ne7 Rc5 36. Re1 Nd6 37. Rd1 Ne4 38. Rd8 h6 39. Nf5+ Kf6 40. Nxh6
Nf2 41. Rd6+ Ke7 42. Rd2 Nxh3 43. Re2+ Kf6 44. Rh2 Ng1 45. Ng8+ Kg7 46. Ne7 Nf3
47. Rf2 Nh4 48. Nd5 Kg6 49. Kd3 f5 50. gxf5+ Kxf5 51. Kd4 Rxd5+ 52. Kxd5 g4 53.
c5 g3 54. Rf1 g2 55. Rd1 f3 56. c6 f2 57. c7 f1=Q 58. c8=Q+ Kg5 59. Qd8+ Kg4 60.
Rd4+ Kf3 61. Qxh4 Qb5+ 62. Kd6 Qb6+ 63. Kd7 Qb7+ 64. Kd6 Qb6+ 65. Kd5 Qb5+ 66.
Kd6 Qb6+ 1/2-1/2

[Event "PRO League Group Stage"]
[Site "chess.com INT"]
[Date "2018.02.28"]
[Round "8"]
[White "Bykhovsky, Anatoly"]
[Black "Chen, Forest"]
[Result "1-0"]
[WhiteTitle "GM"]
[WhiteElo "2496"]
[BlackElo "2107"]
[WhiteTeam "Montclair Sopranos"]
[BlackTeam "Saint Louis Arch Bishops"]
[WhiteFideId "2806991"]
[BlackFideId "30908205"]
[EventDate "2018.01.18"]

1. Nf3 d5 2. g3 c6 3. Bg2 Bg4 4. O-O e6 5. d3 Nf6 6. Nbd2 Be7 7. h3 Bh5 8. e4
O-O 9. b3 a5 10. a3 Na6 11. Bb2 dxe4 12. dxe4 Bxf3 13. Bxf3 Qc7 14. e5 Nd7 15.
Qe2 Rfd8 16. h4 Nf8 17. Rfe1 Rd7 18. h5 h6 19. Qe3 Rad8 20. Ne4 b6 21. Nf6+ Kh8
22. Nxd7 Nxd7 23. Rad1 Nac5 24. Bg2 b5 25. Rd2 Rc8 26. Red1 Nb6 27. Qf3 Kg8 28.
Rd4 Nd5 29. c4 bxc4 30. bxc4 Nb6 31. Rg4 Nbd7 32. Qe3 Bg5 33. Rxg5 hxg5 34. Qxg5
Qb6 35. h6 g6 36. Bd4 Qb3 37. Rd2 Qb1+ 38. Kh2 Qf5 39. Qxf5 exf5 40. Be3 Rc7 41.
Rd6 Ne6 42. f4 Nd8 43. Bd2 Ne6 44. Bxc6 Nb8 45. Bd5 1-0

[Event "PRO League Group Stage"]
[Site "chess.com INT"]
[Date "2018.02.28"]
[Round "8"]
[White "Bykhovsky, Anatoly"]
[Black "Akobian, Varuzhan"]
[Result "0-1"]
[WhiteTitle "GM"]
[BlackTitle "GM"]
[WhiteElo "2496"]
[BlackElo "2647"]
[WhiteTeam "Montclair Sopranos"]
[BlackTeam "Saint Louis Arch Bishops"]
[WhiteFideId "2806991"]
[BlackFideId "13300580"]
[EventDate "2018.01.18"]

1. d4 d5 2. c4 e6 3. Nc3 c5 4. cxd5 exd5 5. Nf3 Nc6 6. g3 Nf6 7. Bg2 Be7 8. O-O
O-O 9. Be3 c4 10. Ne5 Be6 11. b3 Qa5 12. Na4 Rac8 13. Nxc6 bxc6 14. Nc5 Bxc5 15.
dxc5 Rfe8 16. Bd4 Bf5 17. bxc4 dxc4 18. Bxf6 gxf6 19. Qd4 Rxe2 20. Qxf6 Bg6 21.
Bh3 Rce8 22. Qxc6 c3 23. Bd7 R8e5 24. Qc8+ Kg7 25. c6 c2 26. Qb8 Re1 27. Qb2 f6
28. Bh3 Rxa1 29. Qxa1 Rb5 30. Qd4 Rd5 31. Qxd5 Qxd5 32. c7 Bf5 0-1

[Event "PRO League Group Stage"]
[Site "chess.com INT"]
[Date "2018.02.28"]
[Round "8"]
[White "Ladva, Ottomar"]
[Black "Manukian, Artak"]
[Result "1-0"]
[WhiteTitle "GM"]
[WhiteElo "2522"]
[BlackElo "2196"]
[WhiteTeam "Estonia Horses"]
[BlackTeam "Armenia Eagles"]
[WhiteFideId "4500024"]
[BlackFideId "13301373"]
[EventDate "2018.01.18"]

1. Nf3 d5 2. g3 Bg4 3. Bg2 Nd7 4. c4 e6 5. O-O Ngf6 6. cxd5 exd5 7. d3 Be7 8.
Nc3 O-O 9. h3 Bh5 10. Nh4 c6 11. g4 Bg6 12. f4 Ne8 13. Nf3 f6 14. e4 Nc7 15. f5
Bf7 16. Bf4 Re8 17. Kh1 Nc5 18. e5 fxe5 19. Nxe5 Bd6 20. d4 N5a6 21. g5 Bxe5 22.
dxe5 Kh8 23. Qg4 Nc5 24. g6 Bg8 25. Bh6 Qd7 26. f6 N7e6 27. Na4 gxh6 28. Nxc5
Qc7 29. f7 Ng5 30. e6 hxg6 31. fxe8=Q Rxe8 32. Rf6 Qg7 33. Raf1 b6 34. h4 bxc5
35. hxg5 h5 36. Qe2 Kh7 37. Rf7 Bxf7 38. Rxf7 Qxf7 39. exf7 Rxe2 40. f8=Q Rxb2
41. Qf7+ Kh8 42. Qf6+ 1-0

[Event "PRO League Group Stage"]
[Site "chess.com INT"]
[Date "2018.02.28"]
[Round "8"]
[White "Ladva, Ottomar"]
[Black "Ter-Sahakyan, Samvel"]
[Result "1/2-1/2"]
[WhiteTitle "GM"]
[BlackTitle "GM"]
[WhiteElo "2522"]
[BlackElo "2563"]
[WhiteTeam "Estonia Horses"]
[BlackTeam "Armenia Eagles"]
[WhiteFideId "4500024"]
[BlackFideId "13302531"]
[EventDate "2018.01.18"]

1. Nf3 d5 2. g3 Nd7 3. d4 b5 4. Bg2 Ngf6 5. O-O e6 6. Ne5 Bb7 7. Bg5 Be7 8. Nxd7
Qxd7 9. Nd2 O-O 10. c3 c5 11. Bxf6 gxf6 12. dxc5 Bxc5 13. e4 dxe4 14. Nxe4 Qxd1
15. Raxd1 Bxe4 16. Bxe4 Rad8 17. Bc6 b4 18. cxb4 Bxb4 19. a3 Bd2 20. Kg2 Rd6 21.
Ba4 f5 22. f4 Rfd8 23. Kf3 Rb8 24. b3 Rbd8 25. Ke2 Rd4 26. Bc6 R8d6 27. b4 Bc3
28. Rxd4 Rxd4 29. Rd1 Rxd1 30. Kxd1 Kf8 31. Ke2 Bd4 32. h3 Ke7 33. Kd3 Bf2 34.
g4 fxg4 35. hxg4 h6 36. a4 Kd6 37. b5 f6 38. Be8 e5 39. Ke4 exf4 40. Kxf4 Kc7
41. Kf5 a5 42. bxa6 Kb8 43. Kxf6 Be3 44. Bb5 Ka7 45. Kf5 1/2-1/2

[Event "PRO League Group Stage"]
[Site "chess.com INT"]
[Date "2018.02.28"]
[Round "8"]
[White "Chandra, Akshat"]
[Black "Rosenthal, Nicholas"]
[Result "1-0"]
[WhiteTitle "GM"]
[WhiteElo "2510"]
[BlackElo "2169"]
[WhiteTeam "Saint Louis Arch Bishops"]
[BlackTeam "Miami Champions"]
[WhiteFideId "25006711"]
[BlackFideId "2045150"]
[EventDate "2018.01.18"]

1. d4 e6 2. c4 d5 3. Nc3 Nf6 4. cxd5 exd5 5. Bg5 c6 6. e3 Nbd7 7. Bd3 Be7 8. Qc2
h6 9. Bh4 O-O 10. Nf3 Re8 11. O-O Ne4 12. Bxe7 Qxe7 13. Rfe1 Ndf6 14. Ne5 Ng4
15. Nxg4 Bxg4 16. f3 Nxc3 17. bxc3 Be6 18. e4 Qd7 19. e5 c5 20. f4 c4 21. Bh7+
Kh8 22. f5 g6 23. fxg6 fxg6 24. Bxg6 Rg8 25. Rf1 Rg7 26. Rf6 Rag8 27. Raf1 b5
28. h4 Rb8 29. Qd2 Qe7 30. Qxh6+ Kg8 31. Rxe6 1-0